Tanečně-pohybová terapie a muzikoterapie /

Hlavní autor: Dosedlová, Jaroslava, 1969-
Korporativní autor: Univerzita Palackého. Pedagogická fakulta
Další autoři: Kantor, Jiří
Jazyk: Čeština
Vydáno: Olomouc : Univerzita Palackého v Olomouci, 2013
Vydání: 1. vyd.
Edice: Studijní opory
Témata:
Fyzický popis: 111 s. ; 29 cm + 1 CD-ROM
Knihy
Uloženo v:
LEADER 01949nam a2200529 a 4500
001 nkc20142587888
003 CZ PrNK
005 20140527121343.0
007 ta
008 140430s2013 xr e p 000 0 cze
015 |a cnb002587888 
020 |a 978-80-244-3682-1  |q (brož.) :  |c neprodejné 
035 |a (OCoLC)880869585 
040 |a OLA001  |b cze 
072 7 |a 615.8  |x Fyzioterapie. Psychoterapie. Alternativní lékařství  |2 Konspekt  |9 14 
072 7 |a 37.016  |x Učební osnovy. Vyučovací předměty. Učebnice  |2 Konspekt  |9 22 
080 |a 615.8:793.3  |2 MRF 
080 |a 615.825  |2 MRF 
080 |a 615.851:78  |2 MRF 
080 |a 615.851  |2 MRF 
080 |a (07)  |2 MRF 
100 1 |a Dosedlová, Jaroslava,  |d 1969-  |7 mzk2005317784  |4 aut 
245 1 0 |a Tanečně-pohybová terapie a muzikoterapie /  |c Jaroslava Dosedlová, Jiří Kantor 
250 |a 1. vyd. 
260 |a Olomouc :  |b Univerzita Palackého v Olomouci,  |c 2013 
300 |a 111 s. ;  |c 29 cm +  |e 1 CD-ROM 
490 1 |a Studijní opory 
500 |a Nad názvem: Univerzita Palackého, Pedagogická fakulta 
504 |a Obsahuje bibliografie 
650 0 7 |a taneční terapie  |7 ph126441  |2 czenas 
650 0 7 |a pohybová terapie  |7 ph134974  |2 czenas 
650 0 7 |a psychoterapie  |7 ph115954  |2 czenas 
650 0 7 |a muzikoterapie  |7 ph123056  |2 czenas 
650 0 9 |a dance therapy  |2 eczenas 
650 0 9 |a movement therapy  |2 eczenas 
650 0 9 |a psychotherapy  |2 eczenas 
650 0 9 |a music therapy  |2 eczenas 
655 7 |a učební texty  |7 fd133599  |2 czenas 
655 9 |a educational texts  |2 eczenas 
700 1 |a Kantor, Jiří  |7 mzk2009521593  |4 aut 
710 2 |a Univerzita Palackého.  |b Pedagogická fakulta  |7 kn20010709375 
810 2 |a Univerzita Palackého.  |t Studijní opory  |0 s 
910 2 |a BOA001  |b 4-1325.889 
990 |a BK 
995 |a 01 
991 |b 201405  |c NOV  |e n 
996 6 |b 2610590809  |c 4-1325.889  |l MZK  |r Sklad / do 1 hodiny  |n 17  |p p.v.  |w 001420011  |u 000010  |a 1  |e BOA001  |j MZK50  |s P